Química inorgánica / (Record no. 79896)

MARC details
000 -LEADER
campo de control de longitud fija 00630nam a2200205 i 4500
001 - NÚMERO DE CONTROL
campo de control 79896
003 - IDENTIFICADOR DE NÚMERO DE CONTROL
campo de control ES-MaACL
005 - FECHA Y HORA DE LA ÚLTIMA TRANSACCIÓN
campo de control 20250728232929.0
007 - CAMPO FIJO DE DESCRIPCIÓN FÍSICA--INFORMACIÓN GENERAL
campo de control de longitud fija t|
008 - DATOS DE LONGITUD FIJA--INFORMACIÓN GENERAL
campo de control de longitud fija 041025s1962 sp a |||| | spa d
100 1# - ENTRADA PRINCIPAL--NOMBRE DE PERSONA
Nombre de persona Heslop, R. B.
9 (RLIN) 63453
245 10 - MENCIÓN DEL TÍTULO
Título Química inorgánica /
Mención de responsabilidad, etc. R.B. Heslop, P.L. Robinson ; traducción por A. Doadrio López.
260 ## - PUBLICACIÓN, DISTRIBUCIÓN, ETC.
Lugar de publicación, distribución, etc. Madrid :
Nombre del editor, distribuidor, etc. Alhambra,
Fecha de publicación, distribución, etc. 1962.
300 ## - DESCRIPCIÓN FÍSICA
Extensión VIII, 564 p. :
Otras características físicas il. ;
Dimensiones 25 cm.
650 07 - PUNTO DE ACCESO ADICIONAL DE MATERIA--TÉRMINO DE MATERIA
Término de materia o nombre geográfico como elemento de entrada Química inorgánica
Fuente del encabezamiento o término embne
9 (RLIN) 16638
700 1# - ENTRADA AGREGADA--NOMBRE PERSONAL
Nombre de persona Robinson, P. L.
9 (RLIN) 97899
700 1# - ENTRADA AGREGADA--NOMBRE PERSONAL
Nombre de persona Doadrio López, Antonio.
9 (RLIN) 164898
852 ## - LOCALIZACIÓN
Ubicación ES-MaACL
Número de control de estantería C-22135
Holdings
Estatus retirado Estado de pérdida Estado de daño No para préstamo Biblioteca de origen Biblioteca actual Ubicación en estantería Fecha de adquisición Fuente de adquisición Total de préstamos Signatura topográfica completa Código de barras Visto por última vez Precio de reemplazo Tipo de ítem Koha
        Biblioteca del Ateneo de Madrid Biblioteca del Ateneo de Madrid Galería 17/01/2008     C-22135 1083541 23/02/2023 23/02/2023 Libro impreso